Kho tàng truyện cười Việt Nam T.5
v.v...
Đã lưu trong:
| Tác giả chính: | |
|---|---|
| Định dạng: | Sách |
| Năm xuất bản: |
H.
Văn hóa thông tin
1994
|
| Chủ đề: | |
| Tags: |
Thêm thẻ
Không có thẻ, Hãy là người đầu tiên gắn thẻ bản ghi này!
|
| LEADER | 00755nam a2200181 4500 | ||
|---|---|---|---|
| 082 | |a 398.7 |b V500NG | ||
| 100 | |a Vũ Ngọc Khánh | ||
| 245 | |a Kho tàng truyện cười Việt Nam |c Vũ Ngọc Khánh |n T.5 | ||
| 260 | |a H. |b Văn hóa thông tin |c 1994 | ||
| 300 | |a 211 tr. |c 19 cm. | ||
| 520 | |a v.v... | ||
| 653 | |a Văn học dân gian | ||
| 653 | |a Việt Nam | ||
| 653 | |a Truyện cười | ||
| 942 | |2 ddc |c STK0 | ||
| 999 | |c 9176 |d 9176 | ||
| 952 | |0 0 |1 0 |2 ddc |4 0 |6 398_700000000000000_V500NG |7 0 |8 300 |9 74332 |a qbu |b qbu |c D2 |d 2015-05-07 |g 14500 |o 398.7 V500NG |p 8918.c1 |r 0000-00-00 |w 2015-05-07 |y STK0 | ||
| 952 | |0 0 |1 0 |2 ddc |4 0 |6 398_700000000000000_V500NG |7 0 |8 300 |9 74333 |a qbu |b qbu |c D2 |d 2015-05-07 |g 14500 |l 3 |m 1 |o 398.7 V500NG |p 8918.c2 |r 2016-05-26 |s 2016-05-23 |w 2015-05-07 |y STK0 | ||